|
|
|
|
| LEADER |
01084nam a2200277 a 4500 |
| 001 |
12636 |
| 003 |
BD-DhAAL |
| 008 |
090416s2003 njub b 000 0 eng d |
| 999 |
|
|
|c 183
|d 183
|
| 010 |
|
|
|a 2002074861
|
| 020 |
|
|
|a 013009661X (pbk.)
|
| 040 |
|
|
|a DLC
|c DLC
|d DLC
|d BD-DhAAL
|
| 082 |
0 |
0 |
|a 305.3
|2 21
|
| 245 |
0 |
0 |
|a Constructing sexualities :
|b readings in sexuality, gender, and culture /
|c edited by Suzanne LaFont.
|
| 260 |
|
|
|a Upper Saddle River, N.J. :
|b Prentice Hall,
|c c2003.
|
| 300 |
|
|
|a xv, 406 pages :
|b maps ;
|c 24 cm.
|
| 504 |
|
|
|a Includes bibliographical references (pages 397-406).
|
| 541 |
1 |
|
|e 12636
|
| 650 |
|
0 |
|a Sex role.
|9 41413
|
| 650 |
|
0 |
|a Sex differences.
|9 41414
|
| 650 |
|
0 |
|a Sex customs.
|9 41415
|
| 650 |
|
0 |
|a Gender identity.
|9 41416
|
| 700 |
1 |
|
|a LaFont, Suzanne,
|d 1954-
|9 41417
|
| 852 |
|
|
|a Ayesha Abed Library
|c General Stacks
|
| 942 |
|
|
|2 ddc
|c BK
|
| 952 |
|
|
|0 0
|1 0
|2 ddc
|4 0
|6 305_300000000000000_CON
|7 0
|9 6323
|a BRACUL
|b BRACUL
|c GEN
|d 2009-12-21
|g 0.00
|l 8
|m 16
|o 305.3 CON
|p 3010012636
|r 2026-01-18
|s 2025-12-28
|t 1
|w 2009-12-21
|y BK
|x No price found in the accession register.
|